[Event "Europe Echecs Blitz May op"]
[Site "Europe Echecs INT"]
[Date "2021.05.09"]
[Round "3"]
[White "Theodore, Simon"]
[Black "Thobie, Pascal"]
[Result "1-0"]
[WhiteElo "1783"]
[BlackElo "1216"]
[PlyCount "89"]
[EventDate "2021.05.09"]
[EventType "swiss (blitz)"]
[EventRounds "11"]
[EventCountry "FRA"]
[SourceTitle "CBM 202 Extra"]
[Source "ChessBase"]
[SourceDate "2021.07.31"]
[SourceVersion "1"]
[SourceVersionDate "2021.07.31"]
[SourceQuality "1"]

1. c4 c6 2. Nc3 d5 3. cxd5 cxd5 4. d3 Nc6 5. g3 Nf6 6. Bg2 Bf5 7. Nf3 e6 8. 0-0 a6 9. Nh4 Bg6 10. Nxg6 hxg6 11. Qb3 Qc7 12. Bf4 Bd6 13. Bd2 b5 14. e4 dxe4 15. dxe4 0-0 16. Rac1 Qe7 17. Nxb5 axb5 18. Rxc6 Be5 19. Qxb5 Rfb8 20. Rb6 Rxb6 21. Qxb6 Rb8 22. Qa5 Bc7 23. Qc3 e5 24. Rc1 Bd6 25. a3 Ne8 26. b4 f6 27. Qc4+ Kh7 28. Be3 Rb7 29. Bc5 Bxc5 30. Qxc5 Qf7 31. a4 Rc7 32. Qe3 Rxc1+ 33. Qxc1 Nd6 34. Qc5 Qd7 35. Qd5 Qc7 36. Bf1 Nf7 37. a5 Ng5 38. Kg2 Qc3 39. Qd3 Qxb4 40. a6 Qb8 41. h4 Ne6 42. Qd5 Nd4 43. Bc4 Qa7 44. Qg8+ Kh6 45. Qh8# 1-0

[Event "Small Paris-ch"]
[Site "Paris"]
[Date "2014.??.??"]
[Round "6"]
[White "Theodore, Simon"]
[Black "Travadon, Loic"]
[Result "0-1"]
[WhiteElo "1840"]
[BlackElo "1807"]
[PlyCount "92"]
[EventDate "2014.07.??"]
[EventType "swiss"]
[EventRounds "7"]
[EventCountry "FRA"]
[SourceTitle "EXT 2015"]
[Source "ChessBase"]
[SourceDate "2014.11.20"]
[SourceVersion "1"]
[SourceVersionDate "2014.11.20"]
[SourceQuality "1"]

1. d4 d5 2. c4 c6 3. Nc3 Nf6 4. Nf3 e6 5. Bf4 Nbd7 6. e3 Be7 7. Bd3 dxc4 8. Bxc4 b5 9. Bd3 Bb7 10. 0-0 a6 11. Ne4 Nxe4 12. Bxe4 Nf6 13. Bc2 0-0 14. Rc1 Rc8 15. Be5 c5 16. dxc5 Bxc5 17. Qe2 Ne4 18. Rfd1 Qb6 19. Bd4 Bxd4 20. exd4 Nf6 21. Ne5 Rfd8 22. Qe3 Rd6 23. Rd2 Rcd8 24. Rcd1 Bd5 25. g4 Nd7 26. Qh3 Nf8 27. Qh5 Qb7 28. g5 Ng6 29. Qg4 Nxe5 30. dxe5 R6d7 31. h4 Rc8 32. h5 Rdc7 33. Bb3 Rd8 34. g6 hxg6 35. hxg6 Rc5 36. Bc2 Rdc8 37. Bb3 Rd8 38. Qh4 Qc8 39. Qh7+ Kf8 40. Qh8+ Ke7 41. Qxg7 Rf8 42. Qf6+ Ke8 43. Bxd5 exd5 44. Rxd5 Qg4+ 45. Kf1 Rxd5 46. Rxd5 Qc4+ 0-1

[Event "EU-ch rapid"]
[Site "Warsaw"]
[Date "2011.12.17"]
[Round "1"]
[White "Theodore, Simon"]
[Black "Miton, Kamil"]
[Result "0-1"]
[WhiteElo "1799"]
[BlackElo "2622"]
[PlyCount "54"]
[EventDate "2011.12.17"]
[EventType "swiss (rapid)"]
[EventRounds "13"]
[EventCountry "POL"]
[SourceTitle "CBM 145 Extra"]
[Source "ChessBase"]
[SourceDate "2012.01.03"]
[SourceVersion "1"]
[SourceVersionDate "2012.01.03"]
[SourceQuality "1"]

1. e4 c5 2. Nf3 Nc6 3. d4 cxd4 4. Nxd4 Nf6 5. Nc3 d6 6. Bc4 Qb6 7. Nxc6 bxc6 8. 0-0 e6 9. Bb3 Be7 10. Be3 Qc7 11. Qe2 0-0 12. Rfd1 d5 13. exd5 cxd5 14. Bd4 Bb7 15. Be5 Qc8 16. Qd3 Nd7 17. Bg3 Bf6 18. Re1 Nc5 19. Qd2 d4 20. Ne2 e5 21. Bc4 Qc6 22. f3 Rad8 23. Bd3 h6 24. Qb4 e4 25. fxe4 Nxe4 26. Bb5 Qb6 27. Qc4 d3+ 0-1